| 000 | 01781nam a2200253Ia 4500 | ||
|---|---|---|---|
| 008 | 260220t2008||||xx |||||||||||||| ||spa|| | ||
| 020 | _a9789592105287 | ||
| 040 |
_aPY-SlUNAC _bspa _erda |
||
| 041 | _aspa | ||
| 082 |
_a920 _bB598a |
||
| 100 |
_aBlanco Castiñeira, Katiuska _eAutor |
||
| 245 | 0 |
_aÁngel : _bla raíz gallega de Fidel / _cpor Katiuska Blanco Castiñeira [Autor] |
|
| 264 |
_aLa Habana : _bAbril, _c℗2008. |
||
| 300 | _a1 volumen | ||
| 520 | _a"La raíz gallega de Fidel" de Katiuska Blanco Castiñeira explora las influencias gallegas en la vida y la ideología de Fidel Castro. A través de una investigación rigurosa, la autora examina cómo la herencia cultural, los valores y las tradiciones de Galicia moldearon la identidad del líder cubano y su visión política. El libro presenta un análisis detallado de la inmigración gallega a Cuba, sus interacciones con otras comunidades y su impacto en la construcción de la nación cubana. Blanco Castiñeira destaca la importancia de la familia Castro en este contexto, así como las conexiones entre la cultura gallega y los movimientos revolucionarios en la isla. A través de testimonios y documentos históricos, la autora argumenta que la raíz gallega de Fidel no solo es un aspecto biográfico, sino un componente esencial para comprender su legado político. Esta obra es fundamental para aquellos interesados en la historia de Cuba, las influencias culturales en la política y el papel de la diáspora gallega en América Latina. | ||
| 653 | _aCultura | ||
| 653 | _aHistoria de Cuba | ||
| 653 | _aIdentidad cultural | ||
| 942 |
_b2026/02/17 _cBK |
||
| 999 |
_c9429 _d9429 |
||